College Football Alphabet - Statistics

General Stats
  • This quiz has been taken 50 times
  • The average score is 20 of 23
Answer Stats
Picture Answer % Correct
Alabama
100%
Duke
100%
Baylor
98%
Georgia
95%
Kentucky
95%
Michigan
95%
Nebraska
95%
Oregon
95%
Hawaii
93%
Illinois
93%
James Madison
93%
Florida
91%
Purdue
91%
Liberty
88%
Rutgers
88%
Tennessee
88%
Charlotte
81%
Utah
81%
Vanderbilt
81%
Washington
74%
Akron
63%
South California
44%
East Michigan
42%
No matching quizzes found
Score Distribution
Percent of People with Each Score
Percentile by Number Answered
Your Score History
You have not taken this quiz